Rozpoznaj ssaki na zdjęciach #3 - Statystyki

Ogólne statystyki
  • Ten quiz został rozwiązany 2 665 razy
  • Średni wynik to 13 z 18
Statystyki odpowiedzi
Obrazkowy Odpowiedź % Poprawnych
Koala
100%
Goryl
97%
Nosorożec
96%
Łoś
95%
Ryś
95%
Skunks
91%
Kapibara
86%
Surykatka
86%
Wół piżmowy
86%
Bawół afrykański
83%
Wiewiórka
77%
Łasica
61%
Lis polarny
50%
Szynszyla
46%
Tapir
44%
Niedźwiedź workowaty
31%
Kolczatka
27%
Łuskowiec
15%
Nie znaleziono quizów pasujących do podanych kryteriów
Rozkład punktacji
Procent ludzi z każdym wynikiem
Percentyl według liczby udzielonych odpowiedzi
Twoja historia wyników
Nie rozwiązałeś tego quizu